Sobre la génesis de la obligación jurídica
Gardado en:
| Autor Principal: | |
|---|---|
| Formato: | Libro |
| Idioma: | Lingua castelá |
| Publicado: |
Buenos Aires
Universidad Nacional del Litoral
2000
Buenos Aires Rubinzal-Culzoni 2000 |
| Subjects: | |
| Tags: |
Engadir etiqueta
Sen Etiquetas, Sexa o primeiro en etiquetar este rexistro!
|
MARC
| LEADER | 00000nam a2200000 a 4500 | ||
|---|---|---|---|
| 001 | UCL7056 | ||
| 003 | CL-VaPUC | ||
| 008 | 040430e20000000ag |||||||||||||||||spa|d | ||
| 020 | |a 9507272720 | ||
| 082 | 0 | 4 | |a 346.02 |b JAK |2 21 |
| 100 | |a Jakobs, Günther |e author |9 484793 | ||
| 245 | 1 | 0 | |a Sobre la génesis de la obligación jurídica |
| 246 | 1 | 0 | |a Teoría y praxis de la injerencia |
| 246 | 1 | 3 | |a El ocaso del dominio del hecho |
| 300 | |a 151 p | ||
| 942 | |c BK | ||
| 945 | |d 20040430 00:00:00 |a cmena | ||
| 260 | |a Buenos Aires |b Universidad Nacional del Litoral |c 2000 | ||
| 260 | |a Buenos Aires |b Rubinzal-Culzoni |c 2000 | ||
| 500 | |a Incluye trabajo: Dogmática y política criminal en una teoría funcional del delito, de Manuel Cancio Meliá | ||
| 650 | 7 | |a RESPONSABILIDAD CIVIL |2 CL-VaPUC |9 484794 | |
| 650 | 7 | |a OBLIGACION JURIDICA |2 CL-VaPUC |9 484795 | |
| 650 | 0 | |a Delitos |9 224143 | |
| 583 | |a last modification |c 20171220 04:27:06 |k Rodrigo Vera | ||
| 999 | |c 308920 |d 308918 | ||
| 952 | |0 0 |1 0 |4 0 |6 346_020000000000000_JAK_2000_2000 |7 0 |8 A |9 375864 |a BIBDER |b BIBDER |d 2019-11-21 |i 4012852 |l 2 |o 346.02 JAK 2000 2000 |p 4012852 |r 2023-01-25 |s 2022-05-02 |w 2019-11-21 |y BK |k DER | ||